Proceedings of the 2nd International Workshop on Software Management Configuration [held at] Princeton, New Jersey [on] October 24, 1989 / (Record no. 148369)

MARC details
000 -LEADER
fixed length control field 01116nam a2200265 a 4500
008 - FIXED-LENGTH DATA ELEMENTS--GENERAL INFORMATION
fixed length control field
020 ## - INTERNATIONAL STANDARD BOOK NUMBER
International Standard Book Number 0897913345 (pbk.)
049 ## - LOCAL HOLDINGS (OCLC)
Holding library MAIN
090 ## - LOCALLY ASSIGNED LC-TYPE CALL NUMBER (OCLC); LOCAL CALL NUMBER (RLIN)
Classification number (OCLC) (R) ; Classification number, CALL (RLIN) (NR) QA76.758PRO
003 - CONTROL NUMBER IDENTIFIER
control field
005 - DATE AND TIME OF LATEST TRANSACTION
control field 20230123133426.0
040 ## - CATALOGING SOURCE
Transcribing agency NUST
100 1# - MAIN ENTRY--PERSONAL NAME
Personal name International workshop on Software Configuration Management
Number of part/section of a work (2nd :
Dates associated with a name 1989 Oct. 24 :
Titles and words associated with a name Princeton, NJ.)
245 10 - TITLE STATEMENT
Title Proceedings of the 2nd International Workshop on Software Management Configuration [held at] Princeton, New Jersey [on] October 24, 1989 /
Statement of responsibility, etc. sponsored by ACM, SIGSOFT, IEEE, CS Gesellschaft fur Informatik.
246 ## - VARYING FORM OF TITLE
Title proper/short title ACM SIGSOFT Software engineering notes ; v. 17, no. 7, Nov. 1989.
260 ## - PUBLICATION, DISTRIBUTION, ETC.
Place of publication, distribution, etc. New York :
Name of publisher, distributor, etc. Association for Computing Machinery,
Date of publication, distribution, etc. 1989.
300 ## - PHYSICAL DESCRIPTION
Extent viii, 178 p. :
Other physical details ill. ;28 cm.
500 ## - GENERAL NOTE
General note ACM order no. 594891; IEEE order no. 2014.
504 ## - BIBLIOGRAPHY, ETC. NOTE
Bibliography, etc. note Includes bibliographical references.
650 #1 - SUBJECT ADDED ENTRY--TOPICAL TERM
Topical term or geographic name entry element Software configuration management.
710 ## - ADDED ENTRY--CORPORATE NAME
Corporate name or jurisdiction name as entry element IEEE.
710 ## - ADDED ENTRY--CORPORATE NAME
Corporate name or jurisdiction name as entry element Association for Computing Machinery.
907 ## - LOCAL DATA ELEMENT G, LDG (RLIN)
a .b10089512
b 11-09-12
c 23-09-03
942 ## - ADDED ENTRY ELEMENTS (KOHA)
Koha item type Ordinary Loan Books
Call number prefix QA76.758PRO
Holdings
Date last seen Total Checkouts Full call number Barcode Cost, replacement price Price effective from Koha item type Lost status Source of classification or shelving scheme Damaged status Not for loan Collection Withdrawn status Home library Current library Shelving location Date acquired Cost, normal purchase price
01/23/2023   QA76.758 PRO 92003012806 80.00 01/23/2023 BOOKS   LCC     NFIC   MAIN MAIN GEN 01/23/2023 80.00